Vahanian, Gabriel, L’utopie chrétienne - [Rezension]
Saved in:
| Main Author: | |
|---|---|
| Format: | Review |
| Language: | French |
| Published: |
1993
|
| In: |
Theologische Literaturzeitung
Year: 1993, Volume: 118, Issue: 2, Pages: 171-173 |
| ISSN: | 0040-5671 |
| Subjects: | |
| Online Access: | Verlag, Volltext: http://www.thlz.de/suche_register.php |
| Author Notes: | Fritz Lienhard |
MARC
| LEADER | 00000caa a22000002c 4500 | ||
|---|---|---|---|
| 001 | 1513413619 | ||
| 003 | DE-627 | ||
| 005 | 20240705205837.0 | ||
| 007 | cr uuu---uuuuu | ||
| 008 | 150813s1993 xx |||||oo 00| ||fre c | ||
| 035 | |a (DE-627)1513413619 | ||
| 035 | |a (DE-576)443413614 | ||
| 035 | |a (DE-599)BSZ443413614 | ||
| 035 | |a (OCoLC)1340705737 | ||
| 040 | |a DE-627 |b ger |c DE-627 |e rakwb | ||
| 041 | |a fre | ||
| 084 | |a 12 |2 sdnb | ||
| 084 | |a 1 |2 ssgn | ||
| 100 | 1 | |a Lienhard, Fritz |d 1964- |0 (DE-588)139832130 |0 (DE-627)613793862 |0 (DE-576)312737106 |4 aut | |
| 245 | 1 | 0 | |a Vahanian, Gabriel, L’utopie chrétienne - [Rezension] |c Fritz Lienhard |
| 264 | 1 | |c 1993 | |
| 300 | |a 3 | ||
| 336 | |a Text |b txt |2 rdacontent | ||
| 337 | |a Computermedien |b c |2 rdamedia | ||
| 338 | |a Online-Ressource |b cr |2 rdacarrier | ||
| 655 | 7 | |a Rezension |0 (DE-588)4049712-4 |0 (DE-627)106186019 |0 (DE-576)209083166 |2 gnd-content | |
| 773 | 0 | 8 | |i In |t Theologische Literaturzeitung |d Leipzig : Evangelische Verl.-Anst., 1876 |g 118(1993,2) Sp. 171-173 |h Online-Ressource |w (DE-627)320517764 |w (DE-600)2014174-9 |w (DE-576)094449406 |x 0040-5671 |7 nnas |a Vahanian, Gabriel, L’utopie chrétienne - [Rezension] |
| 773 | 1 | 8 | |g volume:118 |g year:1993 |g number:2 |g pages:171-173 |g extent:3 |a Vahanian, Gabriel, L’utopie chrétienne - [Rezension] |
| 776 | 0 | 8 | |i Erscheint auch als |n Druck-Ausgabe |a Lienhard, Fritz, 1964 - |t Vahanian, Gabriel, L'utopie chrétienne - [Rezension] |d 1993 |w (DE-627)146272065X |w (DE-576)392720655 |
| 787 | 0 | 8 | |i Rezension von |a Vahanian, Gabriel, 1927 - 2012 |t L'utopie chrétienne |d Paris : Desclée de Brouwer, 1992 |h 326 S. |w (DE-627)117039115X |w (DE-576)10039115X |
| 856 | 4 | 0 | |u http://www.thlz.de/suche_register.php |x Verlag |3 Volltext |
| 951 | |a AR | ||
| 992 | |a 20150813 | ||
| 993 | |a Review | ||
| 994 | |a 1993 | ||
| 998 | |g 139832130 |a Lienhard, Fritz |m 139832130:Lienhard, Fritz |d 910000 |d 950000 |d 950950 |e 910000PL139832130 |e 950000PL139832130 |e 950950PL139832130 |k 0/910000/ |k 1/910000/950000/ |k 2/910000/950000/950950/ |p 1 |x j |y j | ||
| 999 | |a KXP-PPN1513413619 |e 286023926X | ||
| BIB | |a Y | ||
| SER | |a journal | ||
| JSO | |a {"id":{"eki":["1513413619"]},"relHost":[{"origin":[{"publisher":"Evangelische Verl.-Anst.","publisherPlace":"Leipzig","dateIssuedDisp":"1876-","dateIssuedKey":"1876"}],"disp":"Vahanian, Gabriel, L’utopie chrétienne - [Rezension]Theologische Literaturzeitung","language":["ger"],"person":[{"family":"Nüssel","role":"edt","given":"Friederike","display":"Nüssel, Friederike"}],"title":[{"title":"Theologische Literaturzeitung","subtitle":"Monatsschrift für das gesamte Gebiet der Theologie und Religionswissenschaft","title_sort":"Theologische Literaturzeitung"}],"part":{"pages":"171-173","text":"118(1993,2) Sp. 171-173","extent":"3","issue":"2","year":"1993","volume":"118"},"id":{"eki":["320517764"],"zdb":["2014174-9"],"issn":["0040-5671"]},"note":["Gesehen am 26.03.26"],"titleAlt":[{"title":"ThLZ"}],"pubHistory":["1.1876 -"],"type":{"media":"Online-Ressource","bibl":"periodical"},"recId":"320517764","physDesc":[{"extent":"Online-Ressource"}]}],"title":[{"title_sort":"Vahanian, Gabriel, L’utopie chrétienne - [Rezension]","title":"Vahanian, Gabriel, L’utopie chrétienne - [Rezension]"}],"language":["fre"],"type":{"bibl":"article-journal","media":"Online-Ressource"},"name":{"displayForm":["Fritz Lienhard"]},"origin":[{"dateIssuedDisp":"1993","dateIssuedKey":"1993"}],"recId":"1513413619","physDesc":[{"extent":"3 S."}],"person":[{"role":"aut","family":"Lienhard","given":"Fritz","display":"Lienhard, Fritz"}]} | ||
| SRT | |a LIENHARDFRVAHANIANGA1993 | ||